Histoire du drapeau de l'Autriche - Statistiques

Statistiques générales
  • Ce quiz a été pris 128 fois
    21 depuis la dernière actualisation
  • Le résultat moyen est 5 sur 7
Statistiques - réponses
Hint Réponse % Correct
Empire romain (-16 - 476)
100%
Autriche sous domination nazie (1938-1945)
89%
Duché d'Autriche (1156-1453), archiduché d'Autriche (1453-1806), première République Autrichienne (1918-1938), Autriche occupée par les alliés (1945-1955) et deuxième République Autrichienne (drapeau actuel depuis 1955)
83%
Empire d'Autriche (1806-1918)
83%
Empire carolingien (800-888)
67%
Margraviat d'Autriche (976-1156)
61%
Premier duché de Bavière (555-800, 888-976)
44%
Aucun quiz correspondant
Distribution des résultats
% des personnes avec chaque résultat
Percentile par nombre de réponses
Votre historique - résultats
Vous n’avez pas pris ce quiz depuis la dernière actualisation